| 000 -ლიდერი |
| ფიქსირებული სიგრძის საკონტროლო ველი |
01951nam a22003257a 4500 |
| 003 - საკონტროლო ნომრის იდენტიფიკატორი |
| საკონტროლო ველი |
Ge_BSU |
| 005 - ბოლო ოპერაციის თარიღი და დრო |
| საკონტროლო ველი |
20201214124815.0 |
| 008 - ფიქსირებული სიგრძის მონაცემთა ელემენტები - ზოგადი ინფორმაცია |
| ფიქსირებული სიგრძის საკონტროლო ველი |
200806s2015 ge ||||| |||| 00| 0 geo d |
| 020 ## - წიგნის საერთაშორისო სტანდარტული ნომერი |
| International Standard Book Number |
9789941182341 |
| 041 ## - ენის კოდი |
| Language code of text/sound track or separate title |
geo |
| 080 ## - უნივერსალური ათობითი კლასიფიკაციის ინდექსი |
| Universal Decimal Classification number |
575(075.8) შ-15 |
| 100 ## - მთავარი ჩანაწერი - პიროვნების სახელი |
| Personal name |
შათირიშვილი, აივენგო |
| 9 (RLIN) |
9117 |
| 245 ## - ცნობა სათაურის შესახებ |
| Title |
ზოგადი გენეტიკა : |
| Remainder of title |
[სახელმძღვანელო] / |
| Statement of responsibility, etc |
აივენგო შათირიშვილი, ნანა დვალიშვილი ; რედაქტორები : რ. სოლომონია, ხ. ცაგარელი. |
| 264 ## - წარმოების, გამოცემის, დისტრიბუციის და სხვა ცნობები |
| გამოცემის, წარმოების, დისტრიბუციის... ადგილი |
თბილისი : |
| გამოცემის, წარმოების, დისტრიბუციის... სახელწოდება |
ილიას სახელმწ. უნ-ტის გამ-ბა, |
| გამოცემის, წარმოების, დისტრიბუციის... თარიღი |
2015. |
| 300 ## - ფიზიკური აღწერა |
| Extent |
332 გვ. : |
| Other physical details |
სურ. ; |
| Dimensions |
24 სმ. |
| 500 ## - ზოგადი შენიშვნა |
| General note |
ეძღვნება გენეტიკოსისა და ევოლუციონისტის პროფესორ იზაბელა ჭუჭულაშვილის ნათელ ხსოვნას. |
| 501 ## - შენიშვნა თანმხლებ მასალაზე |
| With note |
საგანთა საძიებელი: გვ. 322-327. |
| 504 ## - BIBLIOGRAPHY, ETC. NOTE |
| Bibliography, etc |
ბიბლიოგრაფია: გვ. 320-321. |
| 520 ## - SUMMARY, ETC. |
| Summary, etc |
რეზიუმე ინგლისურ ენაზე. |
| 653 ## - INDEX TERM--UNCONTROLLED |
| Uncontrolled term |
გენეტიკა |
| 653 ## - INDEX TERM--UNCONTROLLED |
| Uncontrolled term |
მემკვიდრეობითობა |
| 653 ## - INDEX TERM--UNCONTROLLED |
| Uncontrolled term |
გენეტიკური ინჟინერია |
| 653 ## - INDEX TERM--UNCONTROLLED |
| Uncontrolled term |
ადამიანის გენეტიკა |
| 653 ## - INDEX TERM--UNCONTROLLED |
| Uncontrolled term |
ევოლუცია |
| 653 ## - INDEX TERM--UNCONTROLLED |
| Uncontrolled term |
ეკოლოგიური გენეტიკა |
| 700 ## - ADDED ENTRY--PERSONAL NAME |
| Personal name |
დვალიშვილი, ნანა |
| Relator term |
ავტორი |
| 9 (RLIN) |
8236 |
| 700 ## - ADDED ENTRY--PERSONAL NAME |
| Personal name |
სოლომონია, რ. |
| Relator term |
რედაქტორი |
| 9 (RLIN) |
9118 |
| 700 ## - ADDED ENTRY--PERSONAL NAME |
| Personal name |
ცაგარელი, ხ. |
| Relator term |
რედაქტორი |
| 9 (RLIN) |
9119 |
| 942 ## - ADDED ENTRY ELEMENTS (KOHA) |
| Source of classification or shelving scheme |
|
| Koha item type |
წიგნი |